[Event "IRL-ch Seniors 50"]
[Site "Dublin"]
[Date "2024.01.07"]
[Round "6"]
[White "Loughran, John"]
[Black "Aherne, John P"]
[Result "1/2-1/2"]
[WhiteElo "1568"]
[BlackElo "1854"]
[PlyCount "79"]
[EventDate "2024.01.04"]
[EventType "swiss"]
[EventRounds "7"]
[EventCountry "IRL"]
[SourceTitle "CBM 218 Extra"]
[Source "ChessBase"]
[SourceDate "2024.03.31"]
[SourceVersion "1"]
[SourceVersionDate "2024.03.31"]
[SourceQuality "1"]

1. d4 Nf6 2. c4 g6 3. g3 c6 4. Bg2 d5 5. Nc3 Bg7 6. e3 0-0 7. Nge2 Re8 8. 0-0 e6 9. b3 Nbd7 10. Bb2 b6 11. Rc1 Ba6 12. Nb1 Rc8 13. Re1 c5 14. cxd5 Nxd5 15. a3 f5 16. Nbc3 N7f6 17. dxc5 Nxc3 18. Bxc3 Rxc5 19. Bd4 Rxc1 20. Nxc1 e5 21. Bb2 e4 22. Bf1 Bxf1 23. Rxf1 Qxd1 24. Rxd1 Rc8 25. h3 Rc2 26. Be5 Kf7 27. Kf1 Bf8 28. b4 a5 29. bxa5 bxa5 30. a4 Rc4 31. Nb3 Rxa4 32. Bd6 Bxd6 33. Rxd6 Ke7 34. Ra6 Kf7 35. Rd6 Ra3 36. Nd4 a4 37. Ra6 Ra1+ 38. Kg2 a3 39. Nc2 Ra2 40. Nxa3 1/2-1/2

[Event "Dublin Irish op"]
[Site "Dublin"]
[Date "2019.04.21"]
[Round "7"]
[White "Loughran, John"]
[Black "Jordan, Felix"]
[Result "1/2-1/2"]
[WhiteElo "1669"]
[BlackElo "1538"]
[PlyCount "102"]
[EventDate "2019.04.17"]
[EventType "swiss"]
[EventRounds "9"]
[EventCountry "IRL"]
[SourceTitle "CBM 190 Extra"]
[Source "ChessBase"]
[SourceDate "2019.07.15"]
[SourceVersion "1"]
[SourceVersionDate "2019.07.15"]
[SourceQuality "1"]

1. Nf3 Nf6 2. c4 e6 3. g3 d5 4. Bg2 c6 5. cxd5 exd5 6. d4 Bb4+ 7. Bd2 Be7 8. 0-0 Bf5 9. Nc3 0-0 10. h3 Nbd7 11. Nh4 Bg6 12. Nxg6 fxg6 13. Qb3 Qb6 14. Qxb6 Nxb6 15. Rad1 Rfe8 16. Bf4 Rad8 17. Rfe1 Nh5 18. Be5 Nd7 19. e3 Bb4 20. g4 Nhf6 21. f4 Nb6 22. Re2 Bxc3 23. bxc3 Ne4 24. Bxe4 dxe4 25. Rb1 Rd7 26. Reb2 Ree7 27. Kf2 Nc4 28. Rb4 b5 29. Ke2 a5 30. R4b3 a4 31. Rb4 Rf7 32. Rd1 Nb6 33. Rbb1 Nd5 34. Kd2 Nb6 35. Rf1 Nc4+ 36. Ke2 Rde7 37. Rf2 g5 38. Rbf1 Re8 39. fxg5 Rxf2+ 40. Rxf2 Nxe5 41. dxe5 Rxe5 42. Rf5 Rd5 43. Rxd5 cxd5 44. Kf2 Kf7 45. Kg3 Ke7 46. Kf4 Ke6 47. h4 g6 48. h5 a3 49. Kg3 Kd6 50. Kf4 Ke6 51. hxg6 hxg6 1/2-1/2

[Event "Dublin Irish op"]
[Site "Dublin"]
[Date "2019.04.17"]
[Round "1"]
[White "Mihalik, Agoston"]
[Black "Loughran, John"]
[Result "1-0"]
[WhiteElo "2203"]
[BlackElo "1669"]
[PlyCount "61"]
[EventDate "2019.04.17"]
[EventType "swiss"]
[EventRounds "9"]
[EventCountry "IRL"]
[SourceTitle "CBM 189 Extra"]
[Source "ChessBase"]
[SourceDate "2019.05.31"]
[SourceVersion "1"]
[SourceVersionDate "2019.05.31"]
[SourceQuality "1"]

1. e4 c5 2. Nf3 e6 3. b3 Nc6 4. Bb2 d5 5. exd5 exd5 6. Bb5 a6 7. Bxc6+ bxc6 8. 0-0 Be6 9. Re1 h6 10. Ne5 Qc7 11. Ng6 Rh7 12. Nxf8 Kxf8 13. Ba3 Nf6 14. Bxc5+ Kg8 15. Qf3 Re8 16. Nc3 Ng4 17. Qg3 Qxg3 18. hxg3 Nf6 19. Ne2 Nd7 20. b4 f6 21. Nd4 Nxc5 22. bxc5 Bd7 23. Rxe8+ Bxe8 24. Re1 Kf7 25. Nf5 Kg6 26. Nd6 Bd7 27. Re7 Bf5 28. Rc7 Bxc2 29. Rxc6 Bd3 30. Rb6 Rh8 31. c6 1-0

[Event "IRL-ch"]
[Site "Dublin"]
[Date "2014.07.08"]
[Round "4"]
[White "Loughran, John"]
[Black "Freeman, Gordon"]
[Result "0-1"]
[WhiteElo "1872"]
[BlackElo "2077"]
[PlyCount "70"]
[EventDate "2014.07.05"]
[EventType "swiss"]
[EventRounds "9"]
[EventCountry "IRL"]
[SourceTitle "CBM 161 Extra"]
[Source "ChessBase"]
[SourceDate "2014.08.29"]
[SourceVersion "1"]
[SourceVersionDate "2014.08.29"]
[SourceQuality "1"]

1. d4 Nf6 2. c4 e6 3. Nf3 d5 4. Nc3 c6 5. Bg5 h6 6. Bh4 g5 7. Bg3 dxc4 8. e3 b5 9. a4 Bb4 10. axb5 cxb5 11. Be2 Bb7 12. 0-0 a6 13. Ne5 Nbd7 14. f4 Bxc3 15. bxc3 Nxe5 16. fxe5 Qd5 17. e4 Nxe4 18. Bf3 Qd7 19. Qe1 Nxg3 20. Qxg3 0-0-0 21. Bh5 Rhf8 22. Rf6 b4 23. Ra5 bxc3 24. Rc5+ Kb8 25. Rxc4 Rc8 26. Qxc3 Qd5 27. Rxc8+ Rxc8 28. Qb2 Rc3 29. Bf3 Qxd4+ 30. Kh1 Qb4 31. Qa1 Re3 32. Bxb7 Re1+ 33. Rf1 Rxa1 34. Rxa1 Kxb7 35. h3 a5 0-1

[Event "Dublin Easter e2e4 op"]
[Site "Dublin"]
[Date "2013.03.29"]
[Round "2"]
[White "Haria, Ravi"]
[Black "Loughran, John"]
[Result "1-0"]
[WhiteElo "2076"]
[BlackElo "1888"]
[PlyCount "81"]
[EventDate "2013.03.28"]
[EventType "swiss"]
[EventRounds "9"]
[EventCountry "IRL"]
[SourceTitle "CBM 153 Extra"]
[Source "ChessBase"]
[SourceDate "2013.04.22"]
[SourceVersion "1"]
[SourceVersionDate "2013.04.22"]
[SourceQuality "1"]

1. e4 c5 2. Nf3 d6 3. c3 Nf6 4. Be2 Nc6 5. d4 e6 6. d5 exd5 7. exd5 Ne7 8. Bb5+ Bd7 9. Bxd7+ Qxd7 10. c4 g6 11. Nc3 Bg7 12. 0-0 0-0 13. h3 Rfe8 14. Bg5 h6 15. Bf4 Rad8 16. Qd2 Kh7 17. Rfe1 a6 18. a4 Nc8 19. Qd3 Kg8 20. b3 Nh5 21. Bd2 Nf6 22. Rad1 g5 23. Nh2 Ne7 24. Ne4 Ng6 25. Nxf6+ Bxf6 26. Ng4 Bg7 27. Rxe8+ Rxe8 28. Re1 Rxe1+ 29. Bxe1 Qe7 30. Qe3 Kf8 31. Qxe7+ Nxe7 32. Ne3 Bd4 33. Kf1 f5 34. Nc2 Bg7 35. Ke2 Ng6 36. g3 Ke7 37. Ne3 Kf6 38. Bc3+ Ne5 39. f4 Kg6 40. fxe5 dxe5 41. d6 1-0

[Event "Dublin Easter e2e4 op"]
[Site "Dublin"]
[Date "2012.04.09"]
[Round "8"]
[White "Loughran, John"]
[Black "Magee, Ronan"]
[Result "1/2-1/2"]
[WhiteElo "1899"]
[BlackElo "1948"]
[PlyCount "69"]
[EventDate "2012.04.05"]
[EventType "swiss"]
[EventRounds "9"]
[EventCountry "IRL"]
[SourceTitle "CBM 147 Extra"]
[Source "ChessBase"]
[SourceDate "2012.04.24"]
[SourceVersion "1"]
[SourceVersionDate "2012.04.24"]
[SourceQuality "1"]

1. e4 c5 2. Nf3 d6 3. d4 cxd4 4. Nxd4 Nf6 5. Nc3 a6 6. Bc4 e6 7. Bb3 b5 8. 0-0 Be7 9. f4 Nbd7 10. Re1 Qc7 11. f5 e5 12. Nf3 Bb7 13. Kh1 Ng4 14. Be3 Nxe3 15. Rxe3 Qc5 16. Re2 Nf6 17. Qd2 0-0 18. Rd1 Rac8 19. Qe1 Bd8 20. g4 Ba5 21. Qh4 Bxc3 22. g5 Nxe4 23. Rxe4 Bxe4 24. Qxe4 Qb4 25. Qb7 Qg4 26. Bxf7+ Kh8 27. Bd5 Bxb2 28. f6 gxf6 29. Rg1 Qf4 30. g6 hxg6 31. Rxg6 Rg8 32. Be4 Rxg6 33. Qxc8+ Kg7 34. Qd7+ Kh6 35. Qh3+ 1/2-1/2

[Event "IRL-ch"]
[Site "Dublin"]
[Date "2010.07.09"]
[Round "7"]
[White "Loughran, John"]
[Black "Benson, Oisin P"]
[Result "0-1"]
[WhiteElo "1928"]
[BlackElo "2062"]
[PlyCount "78"]
[EventDate "2010.07.03"]
[EventType "swiss"]
[EventRounds "9"]
[EventCountry "IRL"]
[SourceTitle "CBM 137 Extra"]
[Source "ChessBase"]
[SourceDate "2010.09.01"]
[SourceVersion "1"]
[SourceVersionDate "2010.09.01"]
[SourceQuality "1"]

1. e4 c5 2. Nf3 d6 3. d4 cxd4 4. Nxd4 Nf6 5. Nc3 a6 6. Bc4 e6 7. Bb3 Nbd7 8. f4 Nc5 9. Qf3 Qc7 10. f5 e5 11. Nde2 Nxb3 12. axb3 b5 13. Bg5 b4 14. Bxf6 bxc3 15. Bg5 cxb2 16. Rb1 Qxc2 17. 0-0 Rb8 18. Ng3 Rxb3 19. Qf2 Qxf2+ 20. Rxf2 f6 21. Rc2 Kd7 22. Bd2 d5 23. Rcxb2 Rxb2 24. Rxb2 Bc5+ 25. Kf1 d4 26. Ne2 Kd6 27. Bb4 Bxb4 28. Rxb4 Kc5 29. Rb1 a5 30. Rc1+ Kb6 31. Rb1+ Ka6 32. Nc1 Bd7 33. Nd3 Bb5 34. Ke2 Rc8 35. Kd2 Rc3 36. Nf2 a4 37. g4 Rf3 38. Ke1 a3 39. h4 Rg3 0-1

[Event "IRL-ch"]
[Site "Dublin"]
[Date "2010.07.08"]
[Round "6"]
[White "Delaney, Killian"]
[Black "Loughran, John"]
[Result "1-0"]
[WhiteElo "2034"]
[BlackElo "1928"]
[PlyCount "51"]
[EventDate "2010.07.03"]
[EventType "swiss"]
[EventRounds "9"]
[EventCountry "IRL"]
[SourceTitle "CBM 137 Extra"]
[Source "ChessBase"]
[SourceDate "2010.09.01"]
[SourceVersion "1"]
[SourceVersionDate "2010.09.01"]
[SourceQuality "1"]

1. e4 c5 2. c3 d5 3. exd5 Qxd5 4. d4 Nf6 5. Nf3 Bg4 6. Be2 e6 7. h3 Bh5 8. Be3 cxd4 9. cxd4 Bb4+ 10. Nc3 0-0 11. 0-0 Qd8 12. Qb3 Nc6 13. Rfd1 Bxc3 14. bxc3 Nd5 15. c4 Nxe3 16. fxe3 Qe7 17. d5 exd5 18. cxd5 Ne5 19. d6 Qf6 20. Nxe5 Bxe2 21. Nd7 Qd8 22. Nxf8 Bxd1 23. Rxd1 Kxf8 24. Qxb7 a5 25. d7 Rb8 26. Qxb8 1-0

[Event "IRL-ch"]
[Site "Dublin"]
[Date "2010.07.07"]
[Round "5"]
[White "Loughran, John"]
[Black "McCabe, Darren"]
[Result "0-1"]
[WhiteElo "1928"]
[BlackElo "2000"]
[PlyCount "66"]
[EventDate "2010.07.03"]
[EventType "swiss"]
[EventRounds "9"]
[EventCountry "IRL"]
[SourceTitle "CBM 137 Extra"]
[Source "ChessBase"]
[SourceDate "2010.09.01"]
[SourceVersion "1"]
[SourceVersionDate "2010.09.01"]
[SourceQuality "1"]

1. c4 c5 2. g3 Nc6 3. Bg2 g6 4. Nc3 Bg7 5. e3 e6 6. Nge2 Nge7 7. 0-0 d5 8. cxd5 exd5 9. d4 cxd4 10. Nxd4 0-0 11. b3 Nxd4 12. exd4 Nc6 13. Be3 Be6 14. Rc1 Qa5 15. Qd2 Rac8 16. Rfd1 Rfd8 17. Qe2 a6 18. Na4 Qb4 19. Qb2 Bg4 20. a3 Qa5 21. Rd2 Ne7 22. Rc5 Rxc5 23. Nxc5 Bc8 24. b4 Qb6 25. Bg5 f6 26. Bf4 Kh8 27. Re2 Nf5 28. Bxd5 Bf8 29. Be6 Nxd4 30. Rd2 Nxe6 31. Qxf6+ Bg7 32. Rxd8+ Qxd8 33. Nxe6 Qxf6 0-1

[Event "IRL-ch"]
[Site "Dublin"]
[Date "2010.07.06"]
[Round "4"]
[White "Butler, Kevin J"]
[Black "Loughran, John"]
[Result "1-0"]
[WhiteElo "2054"]
[BlackElo "1928"]
[PlyCount "68"]
[EventDate "2010.07.03"]
[EventType "swiss"]
[EventRounds "9"]
[EventCountry "IRL"]
[SourceTitle "CBM 137 Extra"]
[Source "ChessBase"]
[SourceDate "2010.09.01"]
[SourceVersion "1"]
[SourceVersionDate "2010.09.01"]
[SourceQuality "1"]

1. e4 c5 2. Nf3 e6 3. d4 cxd4 4. Nxd4 a6 5. Bd3 Nf6 6. 0-0 Qc7 7. Kh1 Bc5 8. Nb3 Ba7 9. Bg5 Nc6 10. N1d2 b5 11. a4 b4 12. a5 Bb7 13. Qe2 Nd4 14. Nxd4 Bxd4 15. Nc4 Qc6 16. c3 bxc3 17. bxc3 Bc5 18. f3 0-0 19. Rab1 d5 20. Ne5 Qc7 21. Bxf6 gxf6 22. Ng4 Be7 23. exd5 Bxd5 24. c4 Bb7 25. Qb2 Rab8 26. Nxf6+ Bxf6 27. Qxf6 Qd8 28. Qc3 Qc7 29. Rb6 Rfc8 30. Rfb1 Qd7 31. c5 Rc7 32. Bxa6 Bxa6 33. Rxb8+ Rc8 34. Rxc8+ Qxc8 1-0

[Event "IRL-ch"]
[Site "Dublin"]
[Date "2009.07.07"]
[Round "5"]
[White "Loughran, John"]
[Black "Fox, Anthony"]
[Result "0-1"]
[WhiteElo "1939"]
[BlackElo "2086"]
[PlyCount "116"]
[EventDate "2009.07.04"]
[EventType "swiss"]
[EventRounds "9"]
[EventCountry "IRL"]
[SourceTitle "CBM 131 Extra"]
[Source "ChessBase"]
[SourceDate "2009.09.03"]
[SourceVersion "2"]
[SourceVersionDate "2009.09.16"]
[SourceQuality "1"]

1. d4 Nf6 2. c4 e6 3. Nf3 d5 4. Bg5 Be7 5. e3 0-0 6. cxd5 exd5 7. Nc3 c6 8. Bd3 Nbd7 9. Qc2 Re8 10. 0-0 Nf8 11. Rab1 Be6 12. b4 a6 13. a4 N6d7 14. Bf4 Rc8 15. Rfc1 Ng6 16. Bg3 Ngf8 17. Qb3 Nb6 18. b5 cxb5 19. axb5 a5 20. Na4 Nxa4 21. Qxa4 Bb4 22. Qb3 h6 23. Ne5 Qb6 24. Rc2 Rxc2 25. Qxc2 Rc8 26. Qe2 Nd7 27. f4 Nxe5 28. fxe5 Qc7 29. Be1 Bxe1 30. Rxe1 Qc3 31. h3 b6 32. Kh2 a4 33. Rd1 a3 34. Rd2 Qb4 35. Ra2 Rc3 36. Qd2 Qb3 37. Bf1 Rxe3 38. Be2 Bf5 39. Bg4 Bb1 40. Qc1 Rc3 41. Qf4 Qxa2 42. e6 fxe6 43. Bxe6+ Kh7 44. Qf8 Rf3 45. Qg8+ Kg6 46. Qe8+ Kg5 47. Qe7+ Kf4 48. Qf6+ Ke3 49. Qxf3+ Kxd4 50. Qd1+ Kc5 51. Qc1+ Kxb5 52. Qc3 Qc4 53. Bd7+ Kc5 54. Qxa3+ Qb4 55. Qe3+ Kc4 56. Qc1+ Kd4 57. Qd1+ Ke5 58. Qf3 Qf4+ 0-1

[Event "IRL-ch"]
[Site "Dublin"]
[Date "2008.07.07"]
[Round "3"]
[White "Loughran, John"]
[Black "Quinn, Ciaran"]
[Result "1-0"]
[WhiteElo "1805"]
[BlackElo "2156"]
[PlyCount "69"]
[EventDate "2008.07.05"]
[EventType "swiss"]
[EventRounds "9"]
[EventCountry "IRL"]
[SourceTitle "CBM 125 Extra"]
[Source "ChessBase"]
[SourceDate "2008.09.01"]
[SourceVersion "1"]
[SourceVersionDate "2008.09.01"]
[SourceQuality "1"]

1. d4 Nf6 2. c4 e6 3. Nf3 d5 4. Nc3 Be7 5. Bg5 Nbd7 6. e3 0-0 7. cxd5 exd5 8. Bd3 Re8 9. 0-0 c6 10. Qc2 h6 11. Bh4 Nf8 12. Rfb1 Nh5 13. Bg3 Nxg3 14. hxg3 Bd6 15. b4 a6 16. a4 Bg4 17. b5 axb5 18. axb5 Rxa1 19. Rxa1 Qe7 20. bxc6 bxc6 21. Nh2 Bd7 22. Nf1 Ne6 23. Ra7 Qd8 24. Qa4 Nf8 25. Qc2 Qf6 26. Na4 Rb8 27. Nc5 Bxc5 28. Qxc5 Rb2 29. f3 Rb8 30. Qa3 Bf5 31. Bxf5 Qxf5 32. Qe7 Rb2 33. e4 dxe4 34. Ne3 Qb5 35. Qxf7+ 1-0